000 00845nam a2200253Ia 4500
008 100315s9999 xx 000 0 und d
020 _a81-7194-433-7 
040 _cENGLISH 
082 _b5543 
_a343.05 
100 _a"Singhania, Vinod K., Singhania, Kapil "
245 _aDirect Taxes : Law and Practice 2006-07
250 _a36th 
260 _aNew Delhi 
_bTaxmann  
_c2006 
300 _a"XXVIII, 1475P  "
365 _eRupees 
_d
_b445.00 
366 _f
505 _gDBH 
530 _bPranaya Book Services 73/10-08-2006 
_a73/10-08-2006 
620 _a"Income Tax, Wealth Tax, Tax Planning, Finance act, Capital Gains, Business Restructuring, "
630 _aDirect Taxes : Law and Practice 2006-07
650 _aDirect Tax 
730 _aDirect Taxes : Law and Practice 2006-07
942 _cBOOK
999 _c480278
_d480275